000 00458nam a2200145Ia 4500
008 100122s9999 xx 000 0 und d
082 _b19505
_a823
100 _aहसमनीस द का
245 _aसोन्याची पाउले
260 _bयुवराज प्रकाशन
_c1973
300 _a148
630 _aसोन्याची पाउले
730 _aसोन्याची पाउले
942 _cBOOK
999 _c408517
_d408514